| 000 | 00363 a2200145 4500 | ||
|---|---|---|---|
| 999 |
_c9827 _d9827 |
||
| 003 | OSt | ||
| 005 | 20220304103729.0 | ||
| 008 | 220304b ||||| |||| 00| 0 eng d | ||
| 020 | _a9789352694372 | ||
| 082 |
_a671.5212 _bKUM |
||
| 100 | _aMukesh Kumar | ||
| 245 | _aModeling sensing and control of gas metal ARC METAL arc wilding | ||
| 260 | _bRandam | ||
| 942 | _2ddc | ||